[Event "POL-chT3"]
[Site "Jastrzebia Gora POL"]
[Date "2016.09.05"]
[Round "3.19"]
[White "Wandzik, Wojciech"]
[Black "Tomaszewski, Kacper"]
[Result "1-0"]
[WhiteElo "2346"]
[BlackElo "2185"]
[EventDate "2016.09.02"]

1.e4 c6 2.d4 d5 3.Nc3 dxe4 4.Nxe4 Bf5 5.Ng3 Bg6 6.h4 h6 7.Nh3 Nf6 8.Nf4 
Bh7 9.Bc4 e6 10.O-O Nbd7 11.Re1 Be7 12.Bxe6 fxe6 13.Nxe6 Qb6 14.Nxg7+ Kf7 
15.Bxh6 Bf8 16.Qe2 Be4 17.Nxe4 Rxh6 18.Nf5 Rg6 19.Nxf6 Rxf6 20.Qc4+ 1-0

[Event "POL-chT3"]
[Site "Jastrzebia Gora POL"]
[Date "2016.09.05"]
[Round "3.20"]
[White "Smolka, Marcin"]
[Black "Mroziak, Maciej"]
[Result "1/2-1/2"]
[WhiteElo "2184"]
[BlackElo "2338"]
[EventDate "2016.09.02"]

1.e4 c6 2.c4 d5 3.exd5 cxd5 4.d4 Nf6 5.Nc3 Nc6 6.Nf3 Bg4 7.cxd5 Nxd5 8.Qb3
Bxf3 9.gxf3 e6 10.Qxb7 Nxd4 11.Bb5+ Nxb5 12.Qxb5+ Qd7 13.Nxd5 exd5 14.
Qxd7+ Kxd7 15.O-O Rc8 16.Rd1 Ke6 17.Re1+ Kf6 18.Rd1 Ke6 19.Re1+ Kf6 20.Rd1
Ke6 1/2-1/2

[Event "POL-chT3"]
[Site "Jastrzebia Gora POL"]
[Date "2016.09.05"]
[Round "3.21"]
[White "Lizak, Jakub"]
[Black "Wolynski, Krzysztof"]
[Result "1/2-1/2"]
[WhiteElo "2146"]
[BlackElo "2065"]
[EventDate "2016.09.02"]

1.c4 e5 2.Nf3 d6 3.Nc3 f5 4.g3 Nf6 5.Bg2 Be7 6.O-O O-O 7.d4 e4 8.Ng5 h6 9.
Nh3 Be6 10.f3 exf3 11.Bxf3 c6 12.Qb3 Qc8 13.Nf4 Bf7 14.Be3 Nbd7 15.Kh1 g5 
16.Nd3 b5 17.d5 bxc4 18.Qxc4 Nxd5 19.Bxd5 cxd5 20.Qxc8 Rfxc8 21.Nb5 Nf6 
22.Nd4 Bg6 23.Nxf5 Bxf5 24.Rxf5 Kf7 25.Rff1 Ke6 26.Rfc1 a6 27.Rxc8 Rxc8 
28.Rc1 Rc4 29.Bg1 Ne4 30.Kg2 Bf6 31.b3 Rxc1 32.Nxc1 Bb2 33.Nd3 Ba3 34.Bd4 
Nf6 35.h3 Ne8 36.Kf3 Kf5 37.Ke3 Ke6 38.Kd2 Kf5 39.b4 h5 40.Bb6 Nf6 41.Kc2 
Ne4 42.Ba7 Nxg3 43.Kb3 Nxe2 44.Kxa3 Ke4 45.Nf2+ Kf3 46.Kb3 1/2-1/2

[Event "POL-chT3"]
[Site "Jastrzebia Gora POL"]
[Date "2016.09.05"]
[Round "3.22"]
[White "Klementowski, Dawid"]
[Black "Gola, Karol"]
[Result "1/2-1/2"]
[WhiteElo "1928"]
[BlackElo "2191"]
[EventDate "2016.09.02"]

1.c4 e6 2.g3 d5 3.Bg2 Nf6 4.Nf3 Bd6 5.d3 O-O 6.O-O c6 7.Nc3 Nbd7 8.e4 dxe4
9.dxe4 Qe7 10.Bg5 Rd8 11.Qe2 e5 12.Nh4 Qf8 13.Nf5 h6 14.Be3 Bc7 15.Rad1 
Ne8 16.g4 Nd6 17.h4 Nxf5 18.exf5 Qe7 19.g5 hxg5 20.hxg5 Nf8 21.Qf3 g6 22.
fxg6 Nxg6 23.Rxd8+ Bxd8 24.Ne4 Qe6 25.Rd1 Be7 26.Bc5 Nh4 27.Qg3 Qg4 28.
Nf6+ Bxf6 29.gxf6 Qxg3 30.fxg3 Nxg2 31.Kxg2 Bg4 32.Re1 Be6 33.b3 Rd8 34.
Bb4 Kh7 35.Rxe5 Kg6 36.Re2 Kxf6 37.Bc3+ Kg6 38.Rd2 Rxd2+ 39.Bxd2 Bf5 40.a3
Bc2 41.b4 Bd3 42.c5 Kf5 43.Kf3 Ke5 44.Ke3 Bb5 45.Bc1 Kd5 46.Kd2 Kc4 47.Kc2
Ba4+ 48.Kb2 f5 49.Bf4 Kd4 50.Bc7 Kd3 51.Bd8 Kc4 1/2-1/2

[Event "POL-chT3"]
[Site "Jastrzebia Gora POL"]
[Date "2016.09.05"]
[Round "3.23"]
[White "Kalmuk, Krzysztof"]
[Black "Cieslak, Patrycjusz"]
[Result "1/2-1/2"]
[WhiteElo "2004"]
[BlackElo "1919"]
[EventDate "2016.09.02"]

1.d4 d5 2.c4 c6 3.Nc3 Nf6 4.Nf3 dxc4 5.a4 Bf5 6.e3 e6 7.Bxc4 Bd6 8.O-O O-O
9.Qe2 Ne4 10.Nd2 Nxc3 11.bxc3 e5 12.f4 exd4 13.cxd4 Bb4 14.g4 Bxd2 15.gxf5
Bxc1 16.Raxc1 Qf6 17.Rb1 b6 18.Qh5 Nd7 19.Rf3 Rae8 20.Rh3 h6 21.Rg3 Kh8 
22.Rd1 Re4 23.Bd3 Re7 24.Bb1 Qd6 25.Qf3 c5 26.e4 cxd4 27.e5 Nxe5 28.fxe5 
Qxe5 29.f6 Qxf6 30.Qd3 g6 31.Rf1 Qg7 32.Rf4 f5 33.Rgf3 Rd8 34.Qb5 Re1+ 35.
Kg2 Qe7 36.h4 Re5 37.Qc4 Re2+ 38.Kh3 Re3 39.Qc6 Kh7 40.h5 Rd6 41.hxg6+ Kg7
42.Qc8 d3 43.Qxf5 Rxf3+ 44.Rxf3 d2 45.Qf7+ Qxf7 46.Rxf7+ Kg8 47.Ba2 Rxg6 
48.Rd7+ Kf8 49.Rxd2 Ke7 50.Bc4 Rd6 51.Re2+ Kf6 52.Bb5 Rd4 1/2-1/2

[Event "POL-chT3"]
[Site "Jastrzebia Gora POL"]
[Date "2016.09.05"]
[Round "3.24"]
[White "Dziodzio, Angelika"]
[Black "Szydlowska-duda, Marta"]
[Result "1/2-1/2"]
[WhiteElo "2064"]
[BlackElo "2002"]
[EventDate "2016.09.02"]

1.e4 d5 2.exd5 Qxd5 3.Nf3 Nf6 4.d4 Bg4 5.Be2 Nc6 6.O-O O-O-O 7.c4 Qf5 8.
Be3 e6 9.Nbd2 Bd6 10.a3 Qh5 11.Re1 e5 12.h3 exd4 13.Nxd4 Bxe2 14.Qxe2 Nxd4
15.Bxd4 Bh2+ 16.Kxh2 Rxd4 17.Nf3 Re4 18.Qc2 Rhe8 19.Rxe4 Rxe4 20.Rd1 Qc5 
21.Rc1 g5 22.b4 Qd6+ 23.Kg1 Qf4 24.c5 g4 25.hxg4 Nxg4 26.c6 b6 27.Rd1 Ne5 
28.Nxe5 Qxe5 29.Qd2 Qe8 30.Qc3 Re6 31.b5 Re5 32.a4 a6 33.bxa6 Kb8 34.Rd8+ 
Qxd8 35.Qxe5 Ka7 36.Qf5 Qd1+ 37.Kh2 Qd6+ 38.g3 Qh6+ 39.Kg1 1/2-1/2

[Event "POL-chT3"]
[Site "Jastrzebia Gora POL"]
[Date "2016.09.05"]
[Round "3.25"]
[White "Gumula, Daniel"]
[Black "Gajek, Radoslaw"]
[Result "0-1"]
[WhiteElo "2248"]
[BlackElo "2439"]
[EventDate "2016.09.02"]

1.d4 Nf6 2.Nf3 d6 3.c4 Nbd7 4.Nc3 e5 5.g3 Be7 6.Bg2 O-O 7.O-O c6 8.Qc2 Qc7
9.Rd1 Re8 10.h3 Bf8 11.Be3 h6 12.Rac1 a6 13.a3 b6 14.dxe5 dxe5 15.Nh4 Bb7 
16.Nf5 Re6 17.b4 a5 18.Qb3 axb4 19.axb4 Qb8 20.Rd2 c5 21.Bxb7 Qxb7 22.b5 
e4 23.Rcd1 Ne5 24.Nd5 Kh7 25.Bf4 Nh5 26.Qc3 Rae8 27.Bxe5 Rxe5 28.Nde3 Qc8 
29.Rd5 Rxd5 30.Rxd5 g6 31.Nd6 Bxd6 32.Rxd6 Qxh3 33.Qa1 Nxg3 0-1

[Event "POL-chT3"]
[Site "Jastrzebia Gora POL"]
[Date "2016.09.05"]
[Round "3.26"]
[White "Karpus, Michal"]
[Black "Kolosowski, Pawel"]
[Result "1-0"]
[WhiteElo "2254"]
[BlackElo "2214"]
[EventDate "2016.09.02"]

1.e4 e5 2.Nf3 Nc6 3.Bb5 Nge7 4.c3 g6 5.d4 exd4 6.cxd4 Bg7 7.d5 Ne5 8.Nxe5 
Bxe5 9.O-O O-O 10.f4 Bg7 11.f5 f6 12.d6 cxd6 13.Nc3 gxf5 14.exf5 Qb6+ 15.
Kh1 Qc5 16.Qd3 Nc6 17.Be3 Qb4 18.Rf4 Qa5 19.Qd5+ Kh8 20.Bxc6 Qc7 21.Ba4 
Bh6 22.Rc4 1-0

[Event "POL-chT3"]
[Site "Jastrzebia Gora POL"]
[Date "2016.09.05"]
[Round "3.27"]
[White "Garbowski, Jakub"]
[Black "Krainski, Aleksander"]
[Result "1-0"]
[WhiteElo "2030"]
[BlackElo "2170"]
[EventDate "2016.09.02"]

1.e4 e5 2.Nf3 Nc6 3.Bb5 a6 4.Ba4 Nf6 5.O-O Be7 6.Re1 b5 7.Bb3 d6 8.c3 O-O 
9.h3 Na5 10.Bc2 c5 11.d4 exd4 12.cxd4 Re8 13.Nbd2 Bb7 14.Nf1 cxd4 15.Nxd4 
Bf8 16.Ng3 g6 17.b3 Bg7 18.Bb2 Nd7 19.Qd2 Qb6 20.Rad1 Rac8 21.Bb1 b4 22.
Nde2 Bxb2 23.Qxb2 h5 24.Nf4 h4 25.Nf1 Qc5 26.Nd5 Bxd5 27.exd5 Rxe1 28.Rxe1
Qc3 29.Qe2 Nb7 30.Bxg6 Nf6 31.Bxf7+ Kxf7 32.Qe7+ Kg6 33.Qxb7 Rc7 34.Qb6 
Qxe1 35.Qxc7 Ne4 36.Qb6 Kf5 37.Qe3 Qd1 38.f3 Nc3 39.Qe6+ Kg5 40.Qg4+ Kf6 
41.Qxh4+ Ke5 42.Qxb4 Qe1 43.f4+ 1-0

[Event "POL-chT3"]
[Site "Jastrzebia Gora POL"]
[Date "2016.09.05"]
[Round "3.28"]
[White "Krainski, Slawomir"]
[Black "Siedlinski, Piotr"]
[Result "1-0"]
[WhiteElo "2144"]
[BlackElo "2107"]
[EventDate "2016.09.02"]

1.e4 c5 2.Nf3 e6 3.Nc3 Nc6 4.d4 cxd4 5.Nxd4 Qc7 6.Be2 a6 7.Be3 Nf6 8.O-O 
Bb4 9.Nxc6 bxc6 10.Na4 Be7 11.Nb6 Rb8 12.Nxc8 Qxc8 13.e5 Nd5 14.Bd4 c5 15.
c4 Nf4 16.Bc3 Nxe2+ 17.Qxe2 Qc6 18.Rad1 O-O 19.Rd3 Rbd8 20.Rfd1 d5 21.exd6
Bxd6 22.Bxg7 Kxg7 23.Rxd6 Rxd6 24.Qe5+ f6 25.Qg3+ Kf7 26.Rxd6 Qe4 27.h3 
Qxc4 28.Rd7+ Ke8 29.Qc7 1-0

[Event "POL-chT3"]
[Site "Jastrzebia Gora POL"]
[Date "2016.09.05"]
[Round "3.29"]
[White "Guzik, Jolanta"]
[Black "Szczesniak, Andrzej"]
[Result "1/2-1/2"]
[WhiteElo "1990"]
[BlackElo "1943"]
[EventDate "2016.09.02"]

1.c4 c5 2.Nc3 Nc6 3.g3 g6 4.Bg2 Bg7 5.d3 e5 6.e3 Nge7 7.Nge2 O-O 8.O-O a6 
9.a3 Rb8 10.Rb1 b5 11.cxb5 axb5 12.b4 cxb4 13.axb4 d5 14.d4 Bf5 15.Rb3 
exd4 16.Nxd4 Nxd4 17.exd4 Qd7 18.Be3 Be6 19.f4 Rfc8 20.Qd2 Rc4 21.Ne2 Rbc8
22.Rc1 Nf5 23.Bf2 Rxc1+ 24.Nxc1 Nxd4 25.Rb1 Bf5 26.Nd3 Be4 27.Nc5 Qd8 28.
Nxe4 dxe4 29.Rd1 Nf3+ 30.Bxf3 Qxd2 31.Rxd2 exf3 32.Bc5 Bf8 33.Bxf8 Kxf8 
34.Rd5 Rc2 35.Rxb5 Rg2+ 36.Kh1 Rb2 37.Kg1 Rg2+ 38.Kh1 1/2-1/2

[Event "POL-chT3"]
[Site "Jastrzebia Gora POL"]
[Date "2016.09.05"]
[Round "3.30"]
[White "Pacuszka, Wioletta"]
[Black "Pluta, Natalia"]
[Result "1-0"]
[WhiteElo "1923"]
[BlackElo "1623"]
[EventDate "2016.09.02"]

1.e4 c5 2.Nf3 d6 3.d4 cxd4 4.Nxd4 Nf6 5.Nc3 g6 6.Be2 Bg7 7.Be3 O-O 8.O-O 
Nc6 9.Nb3 Be6 10.f4 Rc8 11.Qd2 Ng4 12.Bxg4 Bxg4 13.f5 gxf5 14.exf5 e6 15.
fxe6 fxe6 16.Rxf8+ Qxf8 17.Rf1 Qd8 18.Ne4 d5 19.Ng5 Ne5 20.Nd4 Nc4 21.Qd3 
Bf5 22.Nxf5 Nxe3 23.Nh6+ 1-0

[Event "POL-chT3"]
[Site "Jastrzebia Gora POL"]
[Date "2016.09.05"]
[Round "3.31"]
[White "Kantans, Toms"]
[Black "Paprocki, Jaroslaw"]
[Result "1-0"]
[WhiteElo "2491"]
[BlackElo "2195"]
[EventDate "2016.09.02"]

1.e4 e5 2.Nf3 Nc6 3.Bb5 Nf6 4.O-O Bc5 5.Nxe5 Nxe4 6.Nf3 Be7 7.Re1 Nf6 8.d4
a6 9.Bd3 O-O 10.d5 Nb4 11.Bc4 b5 12.Bb3 a5 13.a3 Na6 14.Nc3 Rb8 15.Nd4 b4 
16.axb4 axb4 17.Ncb5 Re8 18.Bf4 Bc5 19.Qf3 Rb6 20.Bc4 Bb7 21.Nb3 Bf8 22.
Be3 c5 23.dxc6 Rxc6 24.Na5 Ba8 25.Nxc6 dxc6 26.Nd4 Nc7 27.Nf5 Ne6 28.Red1 
Qc7 29.Ra7 Qe5 30.h3 Qxb2 31.Bxe6 fxe6 32.Nxg7 Bxg7 33.Bd4 c5 34.Rxg7+ 1-0

[Event "POL-chT3"]
[Site "Jastrzebia Gora POL"]
[Date "2016.09.05"]
[Round "3.32"]
[White "Zebracki, Tomasz"]
[Black "Kuzmicz, Krystian"]
[Result "0-1"]
[WhiteElo "2196"]
[BlackElo "2470"]
[EventDate "2016.09.02"]

1.e4 Nf6 2.e5 Nd5 3.d4 d6 4.Nf3 dxe5 5.Nxe5 c6 6.Nd2 g6 7.Ndf3 Bg7 8.Bd3 
O-O 9.O-O Nd7 10.Re1 Nxe5 11.Nxe5 Be6 12.Bd2 Nc7 13.Ba5 Rc8 14.Be4 Qd6 15.
Qd2 b6 16.Bc3 Nb5 17.Nf3 Nxc3 18.bxc3 Rfd8 19.h4 c5 20.Rad1 Bg4 21.Qe3 h5 
22.Rd2 Bxf3 23.Bxf3 e5 24.d5 Kh7 25.Rdd1 f5 26.c4 e4 27.Be2 Bd4 28.Qd2 f4 
29.Qc1 Qf6 30.Rf1 f3 31.gxf3 exf3 0-1

[Event "POL-chT3"]
[Site "Jastrzebia Gora POL"]
[Date "2016.09.05"]
[Round "3.33"]
[White "Sabuk, Piotr"]
[Black "Ciemniak, Krzysztof"]
[Result "1-0"]
[WhiteElo "2365"]
[BlackElo "2000"]
[EventDate "2016.09.02"]

1.d4 Nf6 2.c4 e6 3.g3 d5 4.Nf3 Be7 5.Bg2 O-O 6.O-O c6 7.Qc2 Nbd7 8.Nbd2 b6
9.e4 dxe4 10.Nxe4 Nxe4 11.Qxe4 Bb7 12.Rd1 Nf6 13.Qc2 Qc8 14.c5 Rd8 15.Bg5 
h6 16.Bxf6 Bxf6 17.Rac1 Qc7 18.Qc3 Qe7 19.b4 Rac8 20.Ne5 Bxe5 21.dxe5 bxc5
22.Qxc5 Qxc5 23.bxc5 Kf8 24.Rd6 Ke7 25.Rb1 Rc7 26.f4 Rdd7 27.Kf2 Kd8 28.
Ke3 Ke7 29.h4 Rd8 30.h5 Rdc8 31.Bf1 Rg8 32.Bd3 Rd8 33.g4 Bc8 34.Rb3 Bd7 
35.Bc4 Rh8 36.Bd3 Rg8 37.Bh7 Rf8 38.Kd4 g6 39.Rh3 Be8 40.f5 exf5 41.gxf5 
gxf5 42.Bxf5 Rh8 43.e6 fxe6 44.Rxe6+ Kf8 45.Rb3 Re7 46.Rxe7 Kxe7 47.Ke5 
Bxh5 48.Rb7+ Kf8 49.Rxa7 Rg8 50.a4 Rg2 51.a5 Ra2 52.Kf6 Rf2 53.a6 1-0

[Event "POL-chT3"]
[Site "Jastrzebia Gora POL"]
[Date "2016.09.05"]
[Round "3.34"]
[White "Wisniewski, Przemyslaw"]
[Black "Dubinski, Mateusz"]
[Result "0-1"]
[WhiteElo "1970"]
[BlackElo "2241"]
[EventDate "2016.09.02"]

1.Nf3 Nf6 2.d4 d5 3.Bf4 c5 4.e3 Nc6 5.c3 Qb6 6.Qb3 c4 7.Qxb6 axb6 8.Nbd2 
b5 9.Be2 b4 10.O-O bxc3 11.bxc3 h6 12.Ne5 Bf5 13.Nxc6 bxc6 14.a4 e6 15.Ra2
Be7 16.Rfa1 O-O 17.Rb2 Rfc8 18.a5 Ra6 19.Rb6 Rca8 20.Rxa6 Rxa6 21.Bc7 Ne8 
22.Bb6 Nd6 23.g4 Bg6 24.Bc5 Kf8 25.Bb4 Ke8 26.Kf1 Nb7 27.f3 c5 28.dxc5 
Nxc5 29.e4 Kd7 30.Nxc4 dxc4 31.Bxc4 Ra7 32.Bb5+ Kc8 33.Rd1 Nb3 34.a6 e5 
35.Bd7+ Kd8 36.Ba4+ Nd4 37.Bxe7+ Kxe7 38.cxd4 Rxa6 39.Bb3 Ra3 40.Rd3 exd4 
41.Bc4 Rc3 42.Rxc3 dxc3 43.Bd3 Kd6 44.Ke2 Kc5 45.f4 Kd4 46.f5 Bh7 47.Bc2 
f6 48.h4 Bg8 49.g5 hxg5 50.hxg5 Bc4+ 51.Kf3 Bd3 52.gxf6 gxf6 53.e5 Bxc2 
0-1

[Event "POL-chT3"]
[Site "Jastrzebia Gora POL"]
[Date "2016.09.05"]
[Round "3.35"]
[White "Szczepaniak, Lukasz"]
[Black "Zebracki, Jaroslaw"]
[Result "1/2-1/2"]
[WhiteElo "2173"]
[BlackElo "1841"]
[EventDate "2016.09.02"]

1.e4 e6 2.d3 d5 3.Nd2 c5 4.Ngf3 g6 5.g3 Bg7 6.Bg2 Ne7 7.O-O Nbc6 8.Re1 O-O
9.h4 Qc7 10.Nf1 b5 11.exd5 Nxd5 12.a4 b4 13.N3d2 Ba6 14.Nb3 Nd4 15.Nxd4 
Bxd4 16.Ne3 Bb7 17.Nxd5 Bxd5 18.Bf4 Qc6 19.Bxd5 Qxd5 20.Qc1 Rfd8 21.Rb1 
Rac8 22.b3 Qf5 23.Qd1 Rd5 24.Qe2 Rcd8 25.Kg2 Bc3 26.Bd2 Re5 27.Qd1 Rxe1 
28.Qxe1 Bf6 29.Qe3 Qd5+ 30.Qf3 Kg7 31.Re1 Qxf3+ 32.Kxf3 Rd5 33.Re4 Bd4 34.
Kg2 e5 35.f4 f5 36.Re2 Kf6 37.Kf3 h5 38.Bc1 Bc3 39.fxe5+ Rxe5 40.Bg5+ Ke6 
41.Rxe5+ Kxe5 42.Be7 Kd5 43.Bg5 1/2-1/2

[Event "POL-chT3"]
[Site "Jastrzebia Gora POL"]
[Date "2016.09.05"]
[Round "3.36"]
[White "Paprocka, Renata"]
[Black "Kantane, Anna"]
[Result "0-1"]
[WhiteElo "1973"]
[BlackElo "2248"]
[EventDate "2016.09.02"]

1.d4 Nf6 2.c4 g6 3.Nc3 d5 4.Bg5 Bg7 5.Nf3 Ne4 6.cxd5 Nxg5 7.Nxg5 O-O 8.Nf3
c6 9.e3 cxd5 10.Be2 Nc6 11.O-O Be6 12.Rc1 f6 13.Na4 Bf7 14.Nc5 b6 15.Ne6 
Bxe6 16.Rxc6 Bd7 17.Rc1 Rf7 18.Qb3 e6 19.Rc3 Qe8 20.Qc2 Bf8 21.a3 a5 22.e4
b5 23.e5 f5 24.Ng5 Rg7 25.Rc1 Be7 26.Nf3 Bd8 27.Qd2 g5 28.b4 axb4 29.axb4 
g4 30.Ne1 Bg5 31.Qc2 Bxc1 32.Qxc1 Ra4 33.Bxb5 Ra8 34.Bf1 Qb8 35.Nd3 Bb5 
36.Nc5 Bxf1 37.Kxf1 Qb6 38.g3 Kh8 39.Kg2 Re8 40.Nd3 Qxd4 41.b5 Qb6 42.Rc5 
Qb7 43.Kg1 Ra8 44.Nf4 Re7 45.Nh5 d4 46.b6 d3 47.Qg5 Ra1+ 48.Rc1 Rxc1+ 49.
Qxc1 d2 50.Qxd2 Rd7 51.Qc1 Qxb6 52.h3 gxh3 53.Qf1 Qd4 54.Kh2 Qxe5 55.Qa6 
Qd5 56.Qa1+ e5 57.Kxh3 Qd4 58.Qa8+ Rd8 59.Qc6 Qd6 60.Qb7 Qg6 61.Qf3 Rc8 
62.Qe2 Re8 63.Qd1 Rg8 64.Qe2 Qg4+ 65.Qxg4 fxg4+ 66.Kh4 Rg6 67.f4 gxf3 68.
g4 f2 69.g5 f1=Q 70.Ng3 Qf4+ 71.Kh3 Qxg5 72.Nf5 Qg4+ 73.Kh2 Qg2# 0-1

[Event "POL-chT3"]
[Site "Jastrzebia Gora POL"]
[Date "2016.09.05"]
[Round "3.37"]
[White "Rudolf, Michal"]
[Black "Kumala, Aleksander"]
[Result "1/2-1/2"]
[WhiteElo "2339"]
[BlackElo "2211"]
[EventDate "2016.09.02"]

1.e4 e5 2.Nf3 Nc6 3.Bb5 a6 4.Bxc6 dxc6 5.O-O Ne7 6.Nxe5 Qd4 7.Nf3 Qxe4 8.
Re1 Qg4 9.Nc3 Be6 10.d3 O-O-O 11.Ng5 Qxd1 12.Rxd1 Nd5 13.Nxe6 fxe6 14.Ne4 
Be7 15.Re1 Kd7 16.Bd2 h6 17.Re2 Nf6 18.Rae1 Rde8 19.a4 Nxe4 20.Rxe4 Bf6 
21.b3 Rhf8 22.g3 c5 23.Kg2 b5 24.f4 Kd6 25.g4 Re7 26.Kg3 g6 27.Bc1 h5 28.
h3 hxg4 29.hxg4 Rh8 30.Kg2 Rh4 31.Kg3 Rh8 32.Kg2 Rh4 33.Kg3 1/2-1/2

[Event "POL-chT3"]
[Site "Jastrzebia Gora POL"]
[Date "2016.09.05"]
[Round "3.38"]
[White "Kasperek, Ryszard"]
[Black "Warszawski, Bartosz"]
[Result "1-0"]
[WhiteElo "2160"]
[BlackElo "2223"]
[EventDate "2016.09.02"]

1.e4 c5 2.Nf3 e6 3.d4 cxd4 4.Nxd4 Nc6 5.Nc3 Qc7 6.Be2 a6 7.O-O b5 8.Nxc6 
dxc6 9.Be3 Bb7 10.f4 Be7 11.Bf3 b4 12.Na4 c5 13.c3 bxc3 14.Nxc3 Nf6 15.
Qa4+ Nd7 16.f5 Bc6 17.Qc2 exf5 18.exf5 O-O 19.Nd5 Bxd5 20.Bxd5 Rab8 21.Bf4
Ne5 22.Kh1 Bf6 23.Rfe1 Rfe8 24.Re2 Re7 25.Rae1 Qa5 26.g4 Rd8 27.g5 Rxd5 
28.gxf6 gxf6 29.Bh6 Kh8 30.Rg1 Ng6 31.fxg6 c4 1-0

[Event "POL-chT3"]
[Site "Jastrzebia Gora POL"]
[Date "2016.09.05"]
[Round "3.39"]
[White "Chalupnik, Marcin"]
[Black "Puczylowski, Marcin"]
[Result "0-1"]
[WhiteElo "2191"]
[BlackElo "2101"]
[EventDate "2016.09.02"]

1.e4 e5 2.Nf3 Nc6 3.Bb5 a6 4.Ba4 f5 5.d3 fxe4 6.dxe4 Nf6 7.Nc3 Bc5 8.O-O 
d6 9.a3 O-O 10.Bb3+ Kh8 11.h3 Nd4 12.Ba2 Nxf3+ 13.Qxf3 Ng4 14.hxg4 Rxf3 
15.gxf3 Qh4 16.Kg2 Bxg4 17.fxg4 Qxg4+ 18.Kh2 Rf8 19.f4 exf4 0-1

[Event "POL-chT3"]
[Site "Jastrzebia Gora POL"]
[Date "2016.09.05"]
[Round "3.40"]
[White "Kanarkiewicz, Michal"]
[Black "Rams, Michal"]
[Result "1/2-1/2"]
[WhiteElo "2016"]
[BlackElo "2199"]
[EventDate "2016.09.02"]

1.e4 g6 2.d4 Bg7 3.Nc3 d6 4.f4 a6 5.Nf3 b5 6.Bd3 Nd7 7.e5 c5 8.Be4 Rb8 9.
O-O Nh6 10.dxc5 Nxc5 11.Bc6+ Bd7 12.Bxd7+ Qxd7 13.exd6 Qxd6 14.Qxd6 exd6 
15.Be3 O-O 16.Bd4 Nf5 17.Bxg7 Kxg7 18.Rfe1 Na4 19.Nxa4 bxa4 20.b3 Rfc8 21.
Re2 Rc3 22.Rf1 Rbc8 23.Rff2 a5 24.Rd2 axb3 25.axb3 a4 26.bxa4 R8c4 27.g3 
Rxa4 28.Kg2 Ra2 29.Kh3 h5 30.Nd4 Nxd4 1/2-1/2

[Event "POL-chT3"]
[Site "Jastrzebia Gora POL"]
[Date "2016.09.05"]
[Round "3.41"]
[White "Kaim, Piotr"]
[Black "Zurkowski, Andrzej"]
[Result "1-0"]
[WhiteElo "2158"]
[BlackElo "2073"]
[EventDate "2016.09.02"]

1.d4 Nf6 2.c4 e6 3.Nc3 Bb4 4.Nf3 b6 5.Bg5 Bb7 6.e3 c5 7.Bd3 h6 8.Bh4 O-O 
9.O-O cxd4 10.exd4 d5 11.cxd5 exd5 12.Ne5 Be7 13.Re1 Nc6 14.Ba6 Nxe5 15.
Bxb7 Ng6 16.Bg3 Rb8 17.Bxb8 Qxb8 18.Bxd5 Qf4 19.g3 Qg5 20.Bg2 Rd8 21.Ne4 
Nxe4 22.Rxe4 f5 23.h4 Qf6 24.Qb3+ Kf8 25.Re6 Qf7 26.h5 Nh8 27.Rae1 Bf6 28.
Bc6 1-0

[Event "POL-chT3"]
[Site "Jastrzebia Gora POL"]
[Date "2016.09.05"]
[Round "3.42"]
[White "Murawko, Katarzyna"]
[Black "Bednarska-bzdega, Malgorzata"]
[Result "0-1"]
[WhiteElo "2031"]
[BlackElo "2010"]
[EventDate "2016.09.02"]

1.e4 c5 2.Nf3 g6 3.d4 cxd4 4.Qxd4 Nf6 5.c4 Nc6 6.Qe3 Bg7 7.h3 d6 8.Nc3 O-O
9.Bd3 Be6 10.O-O Nd7 11.Nd5 Nc5 12.Be2 Kh8 13.Ng5 Bd7 14.Rb1 f6 15.b4 Nxb4
16.Rxb4 fxg5 17.Bb2 e6 18.Bxg7+ Kxg7 19.Nc3 e5 20.Rd1 Bc6 21.f3 Qe7 22.Qd2
Rad8 23.Qc2 Rf6 24.Rbb1 Rdf8 25.Rd2 h5 26.g4 Ne6 27.Qb2 Nd4 28.Rxd4 exd4 
29.Nd5 Bxd5 30.cxd5 Qe5 0-1

[Event "POL-chT3"]
[Site "Jastrzebia Gora POL"]
[Date "2016.09.05"]
[Round "3.43"]
[White "Sadowski, Miroslaw"]
[Black "Fudalej, Michal"]
[Result "0-1"]
[WhiteElo "2100"]
[BlackElo "2211"]
[EventDate "2016.09.02"]

1.d4 Nf6 2.Nf3 g6 3.Bf4 Bg7 4.Nc3 d5 5.Qd2 O-O 6.O-O-O Ne4 7.Nxe4 dxe4 8.
Ne5 Qd5 9.c4 Qe6 10.f3 f6 11.Ng4 Qxc4+ 12.Kb1 Bxg4 13.fxg4 Qe6 14.h3 c6 
15.e3 Nd7 16.Bc7 Nb6 17.Bxb6 axb6 18.d5 Qe5 19.Bc4 b5 20.Be2 Rfd8 21.Qd4 
Rxd5 22.Qxe5 Rxe5 23.Rd7 Bh6 24.Re1 Bxe3 25.Bxb5 cxb5 26.Rxe3 f5 27.Rd4 
Ra4 28.b4 Ra6 29.g5 Rd6 30.Rxd6 exd6 31.Kb2 f4 32.Re2 d5 33.Kc3 Rxg5 0-1

[Event "POL-chT3"]
[Site "Jastrzebia Gora POL"]
[Date "2016.09.05"]
[Round "3.44"]
[White "Rzepka, Krzysztof"]
[Black "Pazderski, Ziemowit"]
[Result "0-1"]
[WhiteElo "2136"]
[BlackElo "2263"]
[EventDate "2016.09.02"]

1.d4 Nf6 2.Nf3 e6 3.c4 Bb4+ 4.Bd2 a5 5.e3 O-O 6.Bd3 b6 7.Qc2 d5 8.b3 Bb7 
9.a3 Bxd2+ 10.Nbxd2 Nbd7 11.c5 bxc5 12.dxc5 Ba6 13.Bxa6 Rxa6 14.O-O Qa8 
15.Qc3 Rb8 16.Rfc1 c6 17.Qd4 Qa7 18.Rc3 Qc7 19.Qh4 Ra7 20.Rac1 Rab7 21.Qa4
e5 22.h3 g6 23.Rb1 Rb5 24.Rbc1 Kg7 25.Qh4 Qa7 26.Qg3 Re8 27.Kh1 Nh5 28.Qh2
Kg8 29.g4 Ng7 30.a4 Rb4 31.g5 Qb8 32.Ne1 Ne6 33.Nd3 Rb7 34.e4 d4 35.Rc4 
Nxg5 36.Rg1 Rxb3 37.Nxb3 Qxb3 0-1

[Event "POL-chT3"]
[Site "Jastrzebia Gora POL"]
[Date "2016.09.05"]
[Round "3.45"]
[White "Maciaga, Marcin"]
[Black "Fudalej, Grzegorz"]
[Result "1/2-1/2"]
[WhiteElo "2120"]
[BlackElo "2137"]
[EventDate "2016.09.02"]

1.g3 g6 2.Bg2 Bg7 3.c4 e5 4.Nc3 d6 5.d3 f5 6.Nf3 Nf6 7.O-O O-O 8.Rb1 c6 9.
b4 Nbd7 10.b5 c5 11.Ng5 Re8 12.e4 f4 13.h4 Nh5 14.Bf3 Ndf6 15.g4 h6 16.
gxh5 hxg5 17.Nd5 g4 18.Nxf6+ Qxf6 19.Bxg4 Qxh4 20.Bxc8 Raxc8 21.Qf3 gxh5 
22.Kg2 Re6 23.Rh1 Rg6+ 24.Kf1 Qg4 25.Ke2 Rg5 26.Bd2 Kf7 27.Rb3 Bf6 28.Ra3 
Ra8 29.Ba5 h4 30.Qxg4 Rxg4 31.Kf3 Rg7 32.Rb3 Ke6 33.Rbb1 Rag8 34.Bd2 Rg2 
35.Bc3 R2g7 36.Ba5 Ra8 1/2-1/2

[Event "POL-chT3"]
[Site "Jastrzebia Gora POL"]
[Date "2016.09.05"]
[Round "3.46"]
[White "Piotrowski, Przemyslaw"]
[Black "Kowalec, Maciej"]
[Result "1-0"]
[WhiteElo "2252"]
[BlackElo "2100"]
[EventDate "2016.09.02"]

1.Nf3 f5 2.c4 Nf6 3.d4 e6 4.Nc3 d5 5.g3 c6 6.Bg2 Bd6 7.Bf4 O-O 8.Bxd6 Qxd6
9.O-O Nbd7 10.Qc2 Ne4 11.Rac1 Ndf6 12.Ne5 Bd7 13.Nxe4 Nxe4 14.c5 Qe7 15.
Bxe4 fxe4 16.f3 exf3 17.exf3 Be8 18.Rce1 Rc8 19.Re3 Qf6 20.Rfe1 Rc7 21.Qc3
Re7 22.Ng4 Qf5 23.Qd3 Bg6 24.Qxf5 Bxf5 25.Ne5 h5 26.f4 Rf6 27.Nf3 Kf8 28.
Ng5 Ke8 29.Kg2 Kd7 30.b4 Rf8 31.h3 Ra8 32.Ra3 a6 33.Kf3 Bc2 34.g4 hxg4+ 
35.hxg4 Rh8 36.Kg3 Bg6 37.Rae3 Rhe8 38.R1e2 Bb1 39.a3 Bg6 40.Kf2 Bf7 41.a4
Rh8 42.Kg3 Rhe8 43.Nf3 Bg8 44.Ne5+ Kd8 45.Ng6 Rc7 46.Re1 Bf7 47.Ne5 Bg8 
48.f5 Rf8 49.fxe6 Rf6 50.Nf3 Re7 51.Ng5 Ke8 52.Re5 g6 53.R5e2 Kd8 54.Re3 
Re8 55.b5 axb5 56.axb5 Kc7 57.bxc6 bxc6 58.e7 Kd7 59.Ra1 Bf7 60.Ra7+ Kc8 
61.Rea3 1-0

[Event "POL-chT3"]
[Site "Jastrzebia Gora POL"]
[Date "2016.09.05"]
[Round "3.47"]
[White "Krasiewicz, Robert"]
[Black "Dadello, Aleksandra"]
[Result "1-0"]
[WhiteElo "2097"]
[BlackElo "2005"]
[EventDate "2016.09.02"]

1.c4 e5 2.g3 Nf6 3.Bg2 c6 4.d4 e4 5.Nc3 d5 6.cxd5 cxd5 7.Bg5 Nbd7 8.Qa4 
Qb6 9.O-O-O Bb4 10.Nb5 a6 11.Na3 O-O 12.Nc2 Bd6 13.Nh3 Qc7 14.Bf4 b5 15.
Bxd6 Qxd6 16.Qa3 Qc6 17.Kb1 a5 18.Rc1 b4 19.Qb3 Qd6 20.Ne3 Ba6 21.Nf4 a4 
22.Qd1 Nb6 23.h4 Nc4 24.Nf5 Qd7 25.Bh3 Qb7 26.g4 Kh8 27.g5 Nd7 28.h5 Na3+ 
29.Ka1 b3 30.Ne3 Rfb8 31.Bxd7 Nc2+ 32.Nxc2 bxc2 33.Qxc2 Qxd7 34.Qc6 Qf5 
35.e3 Bc4 36.g6 Ra6 37.Qc5 Qd7 38.gxf7 Qxf7 39.h6 g6 40.Qa3 Rab6 41.Rc2 
Qb7 42.Rhc1 Rc6 43.Nh3 Rbc8 44.Ng5 Kg8 45.Rc3 Qc7 46.f4 Qd8 47.Qxa4 Ra6 
48.Rxc4 Rxc4 49.Rxc4 Rxa4 50.Rxa4 Qc8 51.a3 Qf8 52.Ra7 Qxh6 53.Ra8+ Kg7 
54.Ra7+ Kg8 55.Rxh7 Qf8 56.Rc7 Qb8 57.Rc3 Qb5 58.Ka2 Kf8 59.Ne6+ Kf7 60.
Nc7 Qa5 61.Rc5 Qd2 62.Nxd5 Ke6 63.a4 Qd1 64.Nc3 Qd3 65.Re5+ Kf7 66.Rxe4 
Qc4+ 67.Ka3 Qc7 68.Re5 Qd6+ 69.Ka2 Qc6 70.Rc5 Qe6+ 71.Nd5 Qa6 72.Ka3 Qd3+ 
73.b3 Qb1 74.a5 Qa1+ 75.Kb4 Qe1+ 76.Kb5 Qe2+ 77.Kb6 1-0

[Event "POL-chT3"]
[Site "Jastrzebia Gora POL"]
[Date "2016.09.05"]
[Round "3.48"]
[White "Zmarzly, Aleksandra"]
[Black "Gluszko, Monika"]
[Result "1/2-1/2"]
[WhiteElo "2011"]
[BlackElo "1923"]
[EventDate "2016.09.02"]

1.Nf3 Nf6 2.g3 d5 3.Bg2 e6 4.O-O Be7 5.d3 O-O 6.Bg5 Ng4 7.Bd2 Nf6 8.Bg5 
Ng4 9.Bxe7 Qxe7 10.d4 b6 11.c4 Ba6 12.cxd5 exd5 13.Nc3 Rd8 14.Bh3 Nf6 15.
Bg2 Ng4 16.Bh3 Nf6 17.Bg2 Ng4 18.Bh3 Nf6 1/2-1/2